|
|
|
|
| LEADER |
01194nam a2200289 a 4500 |
| 001 |
1064433 |
| 008 |
090824r20051974nyua 001 0 eng d |
| 010 |
|
|
|a 73021520
|
| 020 |
|
|
|a 0070602190
|
| 020 |
|
|
|a 007058883X
|
| 040 |
|
|
|a DLC
|c DLC
|d WSL
|
| 082 |
0 |
0 |
|a 515/.2433
|2 18
|
| 100 |
1 |
|
|a Spiegel, Murray R
|
| 245 |
1 |
0 |
|a Schaum's outline of theory and problems of Fourier analysis :
|b with applications to boundary value problems /
|c Murray R. Spiegel
|
| 260 |
|
|
|a New York :
|b McGraw-Hill,
|c c1974 [reprinted 2005]
|
| 300 |
|
|
|a vi, 191 p. :
|b ill. ;
|c 28 cm.
|
| 490 |
0 |
|
|a Schaum's outline series
|
| 504 |
|
|
|a Includes index.
|
| 541 |
1 |
|
|e 00016243
|
| 650 |
|
0 |
|a Fourier analysis.
|
| 650 |
|
0 |
|a Functions, Orthogonal.
|
| 650 |
|
0 |
|a Boundary value problems.
|
| 852 |
4 |
|
|a Ayesha Abed Library
|j General shelf
|
| 942 |
0 |
0 |
|0 3
|
| 999 |
|
|
|c 3593
|d 3593
|
| 952 |
|
|
|0 0
|1 0
|2 ddc
|4 0
|6 515_243300000000000_SPI_2005
|7 0
|9 3262
|a BRACUL
|b BRACUL
|c GEN
|d 2009-09-02
|l 39
|m 174
|o 515.2433 SPI
|p 3010016243
|r 2026-05-20
|s 2026-04-07
|t 1
|w 2009-09-02
|y BK
|
| 952 |
|
|
|0 0
|1 0
|2 ddc
|4 0
|6 515_243300000000000_SPI_2005
|7 0
|9 16269
|a BRACUL
|b BRACUL
|c GEN
|d 2011-05-03
|l 37
|m 192
|o 515.2433 SPI
|p 3010016245
|r 2026-05-14
|s 2026-05-04
|w 2011-05-03
|y BK
|